| 000 | 01581cad a22002535a 4500 | ||
|---|---|---|---|
| 001 | L160046 | ||
| 008 | 080311s2017 xxk d f 001 0 eng d | ||
| 035 | _a(Sirsi) u160046 | ||
| 041 | 0 | _aeng | |
| 050 | 0 | 4 | _a658.404 $2 22 |
| 110 | 1 |
_aArup _94773 |
|
| 245 | 0 | 0 | _aFuture of project management |
| 260 |
_aLondon _bArup _c2017 |
||
| 300 |
_axvii, 520p. _c25cm. |
||
| 520 | _aFuture of Project Management is a partnership and collaboration between Arup, The Bartlett School of Construction and Project Management at UCL, and the Association for Project Management, with crowd-sourced inputs from the global project management community. It is a compilation of best practice, emerging trends, and forward thinking, an interactive site for debate about change in the project management profession, and a roadmap for future academic and professional research. It is presented in three sections that set the context for the future through emerging megatrends, then imagine that future through the eyes of clients delivering projects, and finally outline plans and priorities for future action and research. | ||
| 521 | 2 | _aAdvanced | |
| 651 | 4 |
_aUnited Kingdom _y |
|
| 690 |
_aProject management _96261 |
||
| 710 | 1 |
_aAssociation for Project Management _93835 |
|
| 710 | 1 |
_aUniversity College London Bartlett School of Planning _94662 |
|
| 856 | 4 | 0 |
_uhttps://www.driversofchange.com/download/2965/ _zView the item at www.driversofchange.com |
| 856 | 4 | 8 |
_uhttps://www.driversofchange.com/projects/future-of-project-management/ _zView the item at www.driversofchange.com |
| 942 | _n0 | ||
| 999 |
_c116177 _d116177 |
||